New environmental insurance solutions for property and corporate transactions (Record no. 67755)
[ view plain ]
| 000 -LEADER | |
|---|---|
| fixed length control field | 01040cam a2200241 4500 |
| 001 - CONTROL NUMBER | |
| control field | ABS64277 |
| 008 - FIXED-LENGTH DATA ELEMENTS--GENERAL INFORMATION | |
| fixed length control field | 010723n2001 000 0 eng u |
| 035 ## - SYSTEM CONTROL NUMBER | |
| System control number | (Sirsi) u113722 |
| 100 ## - MAIN ENTRY--PERSONAL NAME | |
| Personal name | Sykes, S. |
| 245 ## - TITLE STATEMENT | |
| Title | New environmental insurance solutions for property and corporate transactions |
| 260 ## - PUBLICATION, DISTRIBUTION, ETC. | |
| Date of publication, distribution, etc. | 2001 |
| 490 ## - SERIES STATEMENT | |
| Series statement | Land Contamination & Reclamation |
| Volume/sequential designation | 9(2) 2001, 247-252(6) |
| 520 ## - SUMMARY, ETC. | |
| Summary, etc. | Article discusses the coming-of -age of the environmental insurance market as environmental insurance becomes an integral part of liability and risk management. Outlines the various environmental insurance solutions available; how to choose the most appropriate risk management option and considers the role of insurance brokers, lawyers and environmental consultants. |
| 590 ## - LOCAL NOTE (RLIN) | |
| Local note | ABS |
| 650 ## - SUBJECT ADDED ENTRY--TOPICAL TERM | |
| Topical term or geographic name entry element | ENVIRONMENTAL INSURANCE |
| 650 ## - SUBJECT ADDED ENTRY--TOPICAL TERM | |
| Topical term or geographic name entry element | ENVIRONMENTAL CONSULTANTS |
| 650 ## - SUBJECT ADDED ENTRY--TOPICAL TERM | |
| Topical term or geographic name entry element | RISK MANAGEMENT |
| 650 ## - SUBJECT ADDED ENTRY--TOPICAL TERM | |
| Topical term or geographic name entry element | CONTAMINATED LAND |
| 650 ## - SUBJECT ADDED ENTRY--TOPICAL TERM | |
| Topical term or geographic name entry element | REMEDIATION |
| 650 ## - SUBJECT ADDED ENTRY--TOPICAL TERM | |
| Topical term or geographic name entry element | INSURANCE POLICIES |
| 690 ## - LOCAL SUBJECT ADDED ENTRY--TOPICAL TERM (OCLC, RLIN) | |
| Topical term or geographic name as entry element | Insurance |
| 9 (RLIN) | 6249 |
| 942 ## - ADDED ENTRY ELEMENTS (KOHA) | |
| Suppress in OPAC | 0 |
| Withdrawn status | Lost status | Source of classification or shelving scheme | Damaged status | Not for loan | Home library | Current library | Shelving location | Date acquired | Total Checkouts | Full call number | Barcode | Date last seen | Copy number | Price effective from | Koha item type |
|---|---|---|---|---|---|---|---|---|---|---|---|---|---|---|---|
| Dewey Decimal Classification | London | London | Journal article | 23/07/2001 | ABS64277 | 113722-1001 | 06/08/2019 | 1 | 06/08/2019 | Journal article |